Desarrollo sustentable, empleos verdes y trabajo decente /
Uloženo v:
| Hlavní autor: | |
|---|---|
| Médium: | Text |
| Tagy: |
Přidat tag
Žádné tagy, Buďte první, kdo vytvoří štítek k tomuto záznamu!
|
MARC
| LEADER | 00000 a a2200000 04500 | ||
|---|---|---|---|
| 001 | 45821 | ||
| 003 | |||
| 040 | |a CRAI/IIS |c CRAI/IIS | ||
| 100 | |a García Jiménez, Jesús | ||
| 245 | |a Desarrollo sustentable, empleos verdes y trabajo decente / |c Jesús García Jiménez | ||
| 773 | |g páginas 137-145 | ||
| 999 | |c 18507 |d 18507 | ||
